| 000 | 00385nam a2200145Ia 4500 | ||
|---|---|---|---|
| 008 | 240729s9999 xx 000 0 und d | ||
| 022 | _a2666-4054 | ||
| 245 | 0 | _aCurrent Medical Issues | |
| 260 | _aIndia | ||
| 260 | _bWolters Kluwer Medknow Publications | ||
| 650 | _aMedicine | ||
| 856 | _uhttps://doaj.org/toc/be93a41523c4489d92058dde60475e99 | ||
| 942 | _2ddc | ||
| 942 | _cDOAJEJ | ||
| 999 |
_c73262 _d73262 |
||
| 945 |
_a1 _bMadushi Gamage _c1 _dMadushi Gamage |
||